000
00324nam a22001457a 4500
008
230613b ||||| |||| 00| 0 eng d
020
_a
9781284205435
041
_a
eng
080
_2
FOURTH EDITION
_a
616
082
_a
616STO
100
_a
14.2
101
_a
PTF
245
_a
PATHOPHYSIOLOGY
_c
STORY .L
942
_2
udc
_c
BK
999
_c
59959
_d
59959